000 00376nam a2200169Ia 4500
008 210210b1964 xxu||||| |||| 00| 0 eng d
041 _aeng
082 _a828/193
100 _aDODD (E F)
245 _aSir Ronald Ross
260 _aMadras
_bMacmillan & Co. Ltd.
_c1964
650 _aSir
650 _aRoss
650 _aRonald
690 _aBiography
906 _a016039
999 _c135429
_d135429